000 00657nam a22002297a 4500
003 UA-OsUOA
001 75240
007 ta
008 20110513b un ||||| |||| 00| 0 ukr d
090 _a82.09
_bР39
942 _cBK
040 _aUA-OsUOA
_bukr
_cUA-OsUOA
_dUA-OsUOA
245 _aРенесансні студії
_bзбірник наук. праць
_cгол. ред. Н. М. Торкут
300 _a336 с.
955 _a1
041 _aukr
080 _a82.09
260 _aЗапоріжжя
_bКПУ
_c2010
250 _nВип. 14 - 15
650 7 _a82 Література. Літературознавство
_2UDC
999 _c361533
_d361533